AH International Schools' Libraries

My First Story of Christmas / (Record no. 48727)

MARC details
000 -LEADER
fixed length control field 00960nam a2200145 4500
020 ## - INTERNATIONAL STANDARD BOOK NUMBER
International Standard Book Number 9781859855843
245 ## - TITLE STATEMENT
Title My First Story of Christmas /
Statement of responsibility, etc written by Tim Dowley, Illustrated Roger Langton.
260 ## - PUBLICATION, DISTRIBUTION, ETC. (IMPRINT)
Place of publication, distribution, etc UK. :
Name of publisher, distributor, etc Candle Books ;
Date of publication, distribution, etc 2004.
300 ## - PHYSICAL DESCRIPTION
Extent 23 pages.
490 ## - SERIES STATEMENT
Series statement My First Story
520 ## - SUMMARY, ETC.
Summary, etc Looking for a traditional and charming rendition of the Christmas story to read to a 4-to 7-year old in your life? Tim Dowley's My First Story of Christmas retells the biblical account in simple terms, complete with bright, cheery illustrations that are sure to put a smile on the face of the reader. This Christmas, give the children in your life the best gift of all-a story that explains the reason for the season. Make this 'THE' Christmas book that your children will treasure for years. They'll read it over and over again each holiday season.
650 ## - SUBJECT ADDED ENTRY--TOPICAL TERM
9 (RLIN) 71920
Form subdivision Jesus Christ
General subdivision Narivity
650 ## - SUBJECT ADDED ENTRY--TOPICAL TERM
9 (RLIN) 16497
Topical term or geographic name as entry element Bible stories.
942 ## - ADDED ENTRY ELEMENTS (KOHA)
Source of classification or shelving scheme
Koha item type Book
Holdings
Withdrawn status Lost status Source of classification or shelving scheme Damaged status Not for loan Home library Current library Date acquired Total Checkouts Full call number Barcode Date last seen Date checked out Price effective from Koha item type Public note
          Logos International School Logos International School 03/25/2025 1 J 232.92 DOW 040570 01/22/2026 12/03/2025 03/25/2025 Book Bible Story

For any Logos Library related questions please contact Miss Art at swongnarasuk@asianhope.org.

For any Asian Hope Library related questions please contact Miss Raza at graza@asianhope.org.

Click here to explore our ebooks!

Powered by Koha